A REVIEW on the royalty rates of rattan in Peninsular Malaysia
| Corporate Author: | |
|---|---|
| Format: | Book |
| Published: |
Kuala Lumpur :
Forestry Department ,
1980
|
| Subjects: |
MARC
| LEADER | 00000cam a2200000 7i4500 | ||
|---|---|---|---|
| 001 | 0000001759 | ||
| 005 | 20040225.0 | ||
| 090 | 0 | 0 | |a JPSM584.5095951 |b REV 1980 |
| 245 | 0 | 2 | |a A REVIEW on the royalty rates of rattan in Peninsular Malaysia |
| 260 | 0 | 0 | |a Kuala Lumpur : |b Forestry Department , |c 1980 |
| 300 | |a 16 p. ; |c 28 cm. | ||
| 650 | 0 | 0 | |a Rattan |z Peninsular Malaysia |
| 710 | 1 | 1 | |a Malaysia , |c Forestry Department |
| 998 | |a JPSM | ||
| 999 | |a 0000002792 |b Monograph |c Open Shelf |e Default branch | ||